| 000 | 005130000a22002050004500 | ||
|---|---|---|---|
| 003 | LK-CoMWRAF | ||
| 008 | 230817t ||||| |||| 00| 0 eng d | ||
| 020 | _a955826900X | ||
| 040 |
_aLK-CoMWRAF _dLK-CoMWRAF _eLK-CoMWRAF |
||
| 041 | _aeng | ||
| 082 |
_a720 _bIVA |
||
| 100 | _aIvan, Victor | ||
| 245 |
_aSri Lankave Nuthana Keralikaruvange Samaja Pasubima _b |
||
| 250 | _a2nd.ed | ||
| 260 |
_aNugegoda _bThurga Prakashakayo _c1999 |
||
| 300 | _ap.183 | ||
| 650 | _aCaste | ||
| 650 | _aSinhala | ||
| 942 | _cBK | ||
| 999 |
_c3168 _d3168 |
||